000 00460nam a22001697a 4500
008 170329b xxu||||| |||| 00| p tur d
020 _a9756978023
041 _atur
100 _9811
_aCengizhan Orakçı
245 _aAteş Bahçeleri
250 _a1. Baskı
260 _aAnkara
_bMağara Kitapları
_cTemmuz 1997
300 _a46 sayfa
500 _aMağara Kitapları Yayın No: 3; Şiir Dizisi: 3
650 0 _9145
_aTürk Edebiyatı
942 _2lcc
_cBK
999 _c1481
_d1457